Neziskové organizace vznik - účetnictví - daně
Uložené v:
| Hlavný autor: | |
|---|---|
| Médium: | Kniha |
| Jazyk: | Czech |
| Vydavateľské údaje: |
Olomouc
Nakladatelství ANAG
2007
|
| Vydanie: | 9. aktualiz. vyd. |
| Edícia: | Účetnictví
|
| Predmet: | |
| Tagy: |
Žiadne tagy, Buďte prvý, kto otaguje tento záznam!
|
MARC
| LEADER | 00000nam$a2200000$$$4500 | ||
|---|---|---|---|
| 001 | 0061685 | ||
| 005 | 20240313090150.9 | ||
| 020 | |a 978-7263-404-0 | ||
| 041 | 0 | |a cze | |
| 044 | |a CZ | ||
| 245 | 1 | 0 | |a Neziskové organizace |b vznik - účetnictví - daně |c Růžena Růžičková |
| 250 | |a 9. aktualiz. vyd. | ||
| 264 | 1 | |a Olomouc |b Nakladatelství ANAG |c 2007 | |
| 300 | |a 238 s. | ||
| 490 | 1 | |a Účetnictví | |
| 830 | 0 | |a Účetnictví | |
| 610 | 2 | 0 | |a organizácie neziskové |
| 610 | 2 | 0 | |a organizácie príspevkové |
| 610 | 2 | 0 | |a organizácie verejnoprospešné |
| 610 | 2 | 0 | |a majetok |
| 610 | 2 | 0 | |a vzťahy vlastnícke |
| 610 | 2 | 0 | |a účtovníctvo |
| 610 | 2 | 0 | |a dane |
| 610 | 2 | 0 | |a predpisy |
| 610 | 2 | 0 | |a štandardy |
| 610 | 2 | 0 | |a predpisy daňové |
| 610 | 2 | 0 | |a dane z príjmov |
| 100 | 1 | |a Růžičková, Růžena | |